00762nam a2200229 a 450000100060000000300090000600800410001501500210005602000150007704000280009208200180012010000170013824501280015526000510028330000250033449000260035950000220038565000260040765000380043365000280047170000330049924235CO-ViMGA141112s2004 ck r 000 u spa d ack - 2004 - xxxx a9583015431 aCO-ViMGAbspacCO-ViMGA04a372.357 S317c1 aSearle Bobbi10aCalor y energía / cBobbi Searle ; traducción : Gloria Inés Múnera ; ilustraciones : Andrew Geeson, Catherine Ward. aBogotá : bPanAméricana Editorial, c2004. a48 p. : il. ; 27 cm. aProyectos fascinantes aIncluye glosario.14aCalor - Experimentos 14aCiencias Naturales - Experimentos14aEnergia - Experimentos 1 aMúnera, Gloria Inés, tr.